Die Bauteile eines Verbrennungsmotors - Statistiken

Allgemein
  • Dieses Quiz wurde 8 mal gespielt
  • Das Durchschnittsergebnis liegt bei 14 aus 32
Antwortstatistiken
Bildquiz Antwort % Korrekt
Kolben
83%
Turbolader
83%
Getriebe
67%
Lichtmaschine
67%
Zündkerze
67%
Dieselpartikelfilter
50%
Kurbelwelle
50%
Luftfilter
50%
Motorblock
50%
Nockenwelle
50%
Ölablassschraube
50%
Öleinfülldeckel
50%
Pleuel
50%
Steuerkette
50%
Ventil
50%
Zahnriemen
50%
Zylinderkopfdichtung
50%
Drehmomentwandler
33%
Drosselklappe
33%
Keilriemen
33%
Kolbenringe
33%
Lambdasonde
33%
Ölwanne
33%
Schwungrad
33%
Ventilfeder
33%
Wasserpumpe
33%
Zündspule
33%
Ansaugbrücke
17%
Einspritzpumpe
17%
Klimakompressor
17%
Schraubenkompressor
17%
Zylinderkopf
17%
Keine übereinstimmenden Quizze gefunden
Verteilung der Resultate
Anzahl Personen mit jedem Resultat
Perzentil nach korrekt beantworteten Fragen
Ihre Resultats-Entwicklung
Sie haben dieses Quiz noch nicht gespielt